Papers from the Parasession on Natural Phonology, April 18, 1974 /

Bibliographic Details
Corporate Authors: Parasession on Natural Phonology Chicago, Chicago Linguistic Society
Other Authors: Bruck, Anthony, Fox, Robert Allen, 1948-, La Galy, Michael W.
Format: Conference Proceeding Book
Language:English
Published: Chicago : Chicago Linguistic Society, 1974.
Edition:1st ed.
Subjects:

MARC

Tag First Indicator Second Indicator Subfields
LEADER 00000cam a2200000Wi 4500
001 in00000214751
005 20151009055219.0
008 741107s1974 ilua b 10010 eng d
010 |a  74016533  
020 |c $6.00 
035 |a (OCoLC)01103013 
035 |9 AAX0221AM 
040 |a DLC  |c DLC  |d TXA  |d UtOrBLW 
049 |a TXAM  |c [1207986] 
050 0 0 |a P217  |b .P37 1974 
082 0 |a 415 
111 2 |a Parasession on Natural Phonology  |d (1974 :  |c Chicago) 
245 1 0 |a Papers from the Parasession on Natural Phonology, April 18, 1974 /  |c edited by Anthony Bruck, Robert A. Fox, Michael W. La Galy. 
250 |a 1st ed. 
264 1 |a Chicago :  |b Chicago Linguistic Society,  |c 1974. 
300 |a 395 pages :  |b illustrations ;  |c 23 cm. 
336 |a text  |b txt  |2 rdacontent 
337 |a unmediated  |b n  |2 rdamedia 
338 |a volume  |b nc  |2 rdacarrier 
500 |a Held during the annual meeting of Chicago Linguistic Society. 
504 |a Includes bibliographies. 
650 0 |a Grammar, Comparative and general  |x Phonology  |v Congresses. 
650 0 |a Generative grammar  |v Congresses. 
700 1 |a Bruck, Anthony. 
700 1 |a Fox, Robert Allen,  |d 1948- 
700 1 |a La Galy, Michael W. 
710 2 |a Chicago Linguistic Society. 
999 |a MARS 
999 f f |s 1865bc5a-17a8-3fe8-8f1c-bb3b9af330e3  |i 404d16af-45c0-3a97-b386-ca73a9171093  |t 0 
952 f f |p ric  |a Texas A&M University  |b Rellis Campus  |c Joint Library Facility  |s JLF  |d Remote Storage  |t 0  |e P217 .P37 1974  |h Library of Congress classification  |i unmediated -- volume  |m A14803533978 
998 f f |a P217 .P37 1974  |t 0  |l Remote Storage